|
|
|
|
| LEADER |
00000nam a2200000 a 4500 |
| 001 |
vtls001220651 |
| 003 |
SK-MaSNL |
| 005 |
20260301154521.0 |
| 008 |
240318s1996 xo a b p 000 0 slo |
| 015 |
|
|
|a SNBA1996/1203298
|
| 020 |
|
|
|a 8008013796
|
| 035 |
|
|
|a SNK000165515
|
| 035 |
|
|
|a urn:nbn:sk:snk-amlp7t
|
| 035 |
|
|
|a urn:nbn:sk:snk-am00c39l
|
| 035 |
|
|
|a C2C4EDCB-BBE0-42E2-A4D1-42803809211D
|
| 040 |
|
|
|a SNK
|b slo
|c SNK
|e AACR2
|
| 041 |
0 |
|
|a slo
|
| 044 |
|
|
|a xo
|c SK
|
| 072 |
|
7 |
|a 51
|x Matematika
|2 konspekt
|
| 072 |
|
7 |
|a 37.016
|x Učebné osnovy. Vyučovacie predmety. Učebnice
|2 konspekt
|
| 080 |
|
|
|a 51
|2 1981
|
| 080 |
|
|
|a 376(075.2)
|2 1981
|
| 100 |
1 |
|
|a Brestenská, Eva,
|d 1942-
|4 aut
|9 103251
|
| 245 |
1 |
0 |
|a Hravé počty 1
|c [autori Eva Brestenská, Viera Zorádová]
|
| 250 |
|
|
|a 2. vyd.
|
| 260 |
|
|
|a Bratislava
|b Slovenské pedagogické nakladateľstvo
|c 1996
|
| 300 |
|
|
|a 64 s.
|b Ilustr.
|c 30 cm
|
| 500 |
|
|
|a Údaj o aut. prevzatý z obalu
|
| 500 |
|
|
|a Ilustr. Jaroslava Kolačková
|
| 650 |
0 |
7 |
|a matematika
|2 SNKPH
|9 70174
|
| 655 |
|
7 |
|a učebnice špeciálnych základných škôl
|2 SNKPH
|9 70204
|
| 700 |
1 |
|
|a Zorádová, Viera
|4 aut
|9 47893
|
| 700 |
1 |
|
|a Kolačková, Jarka,
|d 1953-
|4 ill
|9 8415
|
| 919 |
|
|
|a 80-08-01379-6
|
| 958 |
|
|
|a TL
|
| 958 |
|
|
|a UX
|
| 958 |
|
|
|a OND
|
| 999 |
|
|
|c 797138
|d 799068
|
| 952 |
|
|
|t P60, <09>, [BOOK], {629}
|a SNK
|b SNK
|y NEVYP
|7 0
|o snkB 1099
|i snk3898/961030
|0 0
|1 0
|4 0
|d 1996-09-30
|l 0
|r 2005-01-01 00:00:00
|w 2026-02-24
|
| 952 |
|
|
|t P60, <03>, [BOOK], {603}
|a SNK
|b SNK
|y PREZ
|7 0
|p 17A0011890
|o snkSB 55927/1
|i snkKSP 8046/96
|0 0
|1 0
|4 0
|d 1996-09-30
|f 1
|l 0
|r 2025-04-02 00:00:00
|w 2026-02-24
|
| 952 |
|
|
|t P60, <04>, [BOOK], {604}
|a SNK
|b SNK
|y VYP
|7 0
|p 17A0014253
|o snkSB 55927/1 D1
|i snkKSP 8994/96
|0 0
|1 0
|4 0
|d 1996-10-22
|l 0
|r 2005-01-01 00:00:00
|w 2026-02-24
|